[Event "Belem Gambito da Dama op 1st U2000"]
[Site "Belem"]
[Date "2018.02.04"]
[Round "5.9"]
[White "Albuquerque, Antonio Lazaro"]
[Black "Cavalheiro, Alvancir Elves"]
[Result "1/2-1/2"]
[WhiteElo "1818"]
[BlackElo "1846"]
[PlyCount "31"]
[EventDate "2018.02.12"]
[EventType "swiss"]
[EventRounds "5"]
[EventCountry "BRA"]
[SourceTitle "EXT 2022"]
[Source "ChessBase"]
[SourceDate "2021.10.06"]
[SourceVersion "1"]
[SourceVersionDate "2021.10.06"]
[SourceQuality "1"]

1. Nf3 d6 2. d4 g6 3. e3 Bg7 4. c4 Nf6 5. Nc3 c6 6. h3 b6 7. Bd3 Bb7 8. Qc2 Na6 9. a3 0-0 10. 0-0 Nc7 11. e4 Qd7 12. Bf4 Ne6 13. Bh2 Nh5 14. Ne2 Nf6 15. Rad1 Rfd8 16. Rfe1 1/2-1/2

[Event "Belem Gambito da Dama op 1st U2000"]
[Site "Belem"]
[Date "2018.02.02"]
[Round "2.2"]
[White "Da Costa, Rafael Felix Ribeir"]
[Black "Cavalheiro, Alvancir Elves"]
[Result "1-0"]
[WhiteElo "1898"]
[BlackElo "1846"]
[PlyCount "111"]
[EventDate "2018.02.12"]
[EventType "swiss"]
[EventRounds "5"]
[EventCountry "BRA"]
[SourceTitle "EXT 2022"]
[Source "ChessBase"]
[SourceDate "2021.10.06"]
[SourceVersion "1"]
[SourceVersionDate "2021.10.06"]
[SourceQuality "1"]

1. e4 c5 2. Ne2 g6 3. Nbc3 Bg7 4. g3 Nc6 5. Bg2 Nf6 6. 0-0 d6 7. d3 a6 8. Rb1 h6 9. h3 0-0 10. Nf4 Kh7 11. Be3 Rb8 12. Nfd5 e6 13. Nxf6+ Qxf6 14. Ne2 Qe7 15. Kh2 Bd7 16. f4 d5 17. e5 b5 18. c3 c4 19. b4 Rfd8 20. Bc5 Qe8 21. dxc4 bxc4 22. Qd2 Bf8 23. Bf2 Ne7 24. g4 Bg7 25. Rbe1 Ra8 26. Nd4 Nc6 27. Kh1 Nxd4 28. Bxd4 Bb5 29. f5 a5 30. f6 Bf8 31. bxa5 Rxa5 32. Bb6 Rda8 33. Bxa5 Rxa5 34. Re2 Bc5 35. h4 Qd8 36. Be4 Qf8 37. Bb1 Bc6 38. Kh2 Kh8 39. h5 g5 40. Qc1 Ba3 41. Qc2 Qg8 42. Rff2 Ba4 43. Qd2 Rb5 44. Bc2 Bxc2 45. Qxc2 Rb2 46. Qa4 Rxe2 47. Rxe2 Bc5 48. Qb5 Ba3 49. Qa6 Qf8 50. Re1 Bb2 51. Qa5 Qb8 52. Kg2 Ba1 53. Kf3 Qb2 54. Qd8+ Kh7 55. Qf8 Qxc3+ 56. Re3 1-0

[Event "Para State-ch final"]
[Site "Belem"]
[Date "2017.12.01"]
[Round "1.3"]
[White "Cavalheiro, Alvancir Elves"]
[Black "Santiago, Bruno Majorico Frei"]
[Result "0-1"]
[WhiteElo "1833"]
[BlackElo "2140"]
[PlyCount "78"]
[EventDate "2017.12.01"]
[EventType "swiss"]
[EventRounds "6"]
[EventCountry "BRA"]
[SourceTitle "CBM 182 Extra"]
[Source "ChessBase"]
[SourceDate "2018.02.23"]
[SourceVersion "1"]
[SourceVersionDate "2018.02.23"]
[SourceQuality "1"]

1. e4 d6 2. Nf3 Nf6 3. Nc3 e5 4. Bc4 Be7 5. 0-0 0-0 6. h3 c6 7. d4 Nbd7 8. dxe5 dxe5 9. Re1 b5 10. Bf1 Qc7 11. Bg5 Nc5 12. a3 a5 13. Qe2 Be6 14. Qe3 Ncd7 15. Ne2 Bc5 16. Qd3 Bc4 17. Qd1 Nxe4 18. Be3 Bxe3 19. fxe3 Rad8 20. Qc1 Be6 21. b3 Nb6 22. Qb2 f6 23. Nc3 Nxc3 24. Qxc3 Nd5 25. Qc5 Qb6 26. Qxb6 Nxb6 27. e4 a4 28. Rab1 Rd6 29. Re3 Ra8 30. bxa4 Rxa4 31. Rb4 Ra6 32. Rc3 Kf8 33. Kf2 Bc4 34. Ne1 Rd2+ 35. Ke3 Rd1 36. Bxc4 Nxc4+ 37. Ke2 Rd2+ 38. Kf1 Nxa3 39. Rd3 Nxc2 0-1

[Event "Belem FEXPA op 1st"]
[Site "Belem"]
[Date "2017.02.05"]
[Round "5"]
[White "Cavalheiro, Alvancir Elves"]
[Black "Costa, Richard Duarte"]
[Result "0-1"]
[WhiteElo "1836"]
[BlackElo "1792"]
[PlyCount "36"]
[EventDate "2017.02.03"]
[EventType "swiss"]
[EventRounds "6"]
[EventCountry "BRA"]
[SourceTitle "CBM 176 Extra"]
[Source "ChessBase"]
[SourceDate "2017.03.02"]
[SourceVersion "1"]
[SourceVersionDate "2017.03.02"]
[SourceQuality "1"]

1. d4 Nf6 2. c4 d5 3. Nc3 dxc4 4. e3 e6 5. Bxc4 Be7 6. Nf3 0-0 7. 0-0 a6 8. a3 c5 9. dxc5 Bxc5 10. b4 Ba7 11. Qb3 b5 12. Be2 Bb7 13. Bb2 Qe7 14. Rfd1 Nbd7 15. Nd4 Nb6 16. Rac1 Rfd8 17. a4 bxa4 18. Nxa4 Nxa4 0-1

[Event "Paraense-ch"]
[Site "Belem"]
[Date "2015.08.09"]
[Round "5"]
[White "De Souza Monteiro, Marcos Paulo"]
[Black "Cavalheiro, Alvancir Elves"]
[Result "1-0"]
[WhiteElo "2038"]
[BlackElo "1824"]
[PlyCount "71"]
[EventDate "2015.08.07"]
[EventType "swiss"]
[EventRounds "6"]
[EventCountry "BRA"]
[SourceTitle "EXT 2016"]
[Source "ChessBase"]
[SourceDate "2015.10.08"]
[SourceVersion "1"]
[SourceVersionDate "2015.10.08"]
[SourceQuality "1"]

1. d4 Nf6 2. c4 g6 3. Nc3 Bg7 4. e4 d6 5. Nf3 0-0 6. Be2 Nc6 7. 0-0 e5 8. d5 Ne7 9. Ne1 Nd7 10. Be3 f5 11. f3 b6 12. b4 a6 13. Nd3 fxe4 14. fxe4 Rxf1+ 15. Qxf1 a5 16. a3 axb4 17. axb4 Rxa1 18. Qxa1 c6 19. Qa7 c5 20. bxc5 bxc5 21. Nb5 Nf6 22. Nxd6 Nexd5 23. Bxc5 Nc3 24. Bf3 Nfxe4 25. Qf7+ Kh8 26. Bxe4 Nxe4 27. Nxe4 Bf5 28. Ndf2 h5 29. Qd5 Qa5 30. h3 Qa1+ 31. Kh2 Qc1 32. Nd3 Qf1 33. Be3 Qe2 34. Ng5 Bf6 35. Qf7 Bxg5 36. Bxg5 1-0

[Event "Paraense-ch"]
[Site "Belem"]
[Date "2015.08.08"]
[Round "4"]
[White "Cavalheiro, Alvancir Elves"]
[Black "Cohen Farias, Paulo"]
[Result "0-1"]
[WhiteElo "1824"]
[BlackElo "2225"]
[PlyCount "126"]
[EventDate "2015.08.07"]
[EventType "swiss"]
[EventRounds "6"]
[EventCountry "BRA"]
[SourceTitle "EXT 2016"]
[Source "ChessBase"]
[SourceDate "2015.10.08"]
[SourceVersion "1"]
[SourceVersionDate "2015.10.08"]
[SourceQuality "1"]

1. e4 d6 2. d4 Nf6 3. Nc3 g6 4. Bg5 Bg7 5. Nf3 h6 6. Bh4 0-0 7. Be2 Nbd7 8. 0-0 c6 9. Qd2 Qc7 10. Rad1 b5 11. a3 a5 12. Bd3 e5 13. Ne2 Re8 14. dxe5 dxe5 15. c3 Nc5 16. Qe3 Ne6 17. Bg3 Nh5 18. Bc2 Nef4 19. Rfe1 Be6 20. Bxf4 Nxf4 21. Nxf4 exf4 22. Qd3 Rad8 23. Qe2 Bg4 24. Rxd8 Rxd8 25. h3 Bh5 26. Rd1 Qe7 27. Rxd8+ Qxd8 28. Qd2 Qxd2 29. Nxd2 b4 30. cxb4 axb4 31. axb4 Bxb2 32. Ba4 Bc3 33. Nf1 Be2 34. Bxc6 Bxb4 35. Nh2 Kf8 36. Bd5 Ke7 37. Ng4 h5 38. Ne5 Bc3 39. Nxf7 Bf6 40. e5 Bh4 41. e6 Bb5 42. Ne5 Be8 43. Nf3 Bf6 44. g3 fxg3 45. fxg3 g5 46. h4 g4 47. Nd2 Bg6 48. Ne4 Be5 49. Kf2 Bf5 50. Ng5 Bf6 51. Ne4 Bd4+ 52. Ke2 Bxe6 53. Bxe6 Kxe6 54. Kf1 Kd5 55. Nd2 Be3 56. Nb3 Ke4 57. Kg2 Kd5 58. Na5 Kc5 59. Nb7+ Kc6 60. Nd8+ Kd7 61. Nf7 Ke6 62. Nd8+ Kd5 63. Nb7 Bb6 0-1

[Event "Belem Velha op 3rd"]
[Site "Belem"]
[Date "2015.04.30"]
[Round "1"]
[White "Cohen Farias, Paulo"]
[Black "Cavalheiro, Alvancir Elves"]
[Result "1-0"]
[WhiteElo "2242"]
[BlackElo "1864"]
[PlyCount "40"]
[EventDate "2015.04.30"]
[EventType "swiss"]
[EventRounds "7"]
[EventCountry "BRA"]
[SourceTitle "CBM 166 Extra"]
[Source "ChessBase"]
[SourceDate "2015.06.18"]
[SourceVersion "1"]
[SourceVersionDate "2015.06.18"]
[SourceQuality "1"]

1. e4 c5 2. Nc3 Nc6 3. Bc4 Nf6 4. d3 d6 5. Nge2 g6 6. 0-0 Bg7 7. f4 Na5 8. e5 Nxc4 9. exf6 Bxf6 10. dxc4 0-0 11. Nd5 Bg7 12. Qe1 Bf5 13. Ng3 Bxc2 14. Qxe7 Qb8 15. Ne4 Bd4+ 16. Kh1 Bd3 17. Nef6+ Kg7 18. Rd1 Bxc4 19. Rxd4 cxd4 20. Nh5+ gxh5 1-0

[Event "Belem Velha op 2nd"]
[Site "Belem"]
[Date "2015.02.17"]
[Round "8"]
[White "Cavalheiro, Alvancir Elves"]
[Black "Albuquerque, Antonio Lazaro"]
[Result "0-1"]
[WhiteElo "1911"]
[BlackElo "1881"]
[PlyCount "29"]
[EventDate "2015.02.13"]
[EventType "swiss"]
[EventRounds "9"]
[EventCountry "BRA"]
[SourceTitle "CBM 164 Extra"]
[Source "ChessBase"]
[SourceDate "2015.03.02"]
[SourceVersion "1"]
[SourceVersionDate "2015.03.02"]
[SourceQuality "1"]

1. e4 e6 2. Nf3 d5 3. e5 c5 4. c3 Nc6 5. d4 cxd4 6. cxd4 Bb4+ 7. Bd2 Bxd2+ 8. Nbxd2 Qb6 9. Nb3 Qb4+ 10. Qd2 Qxd2+ 11. Kxd2 Nge7 12. Bb5 b6 13. Rac1 Bd7 14. a3 0-0 15. h4 0-1

[Event "Belem Velha op 2nd"]
[Site "Belem"]
[Date "2015.02.16"]
[Round "6"]
[White "Cavalheiro, Alvancir Elves"]
[Black "Almeida, Luis Fernando Silva"]
[Result "1/2-1/2"]
[WhiteElo "1911"]
[BlackElo "1622"]
[PlyCount "77"]
[EventDate "2015.02.13"]
[EventType "swiss"]
[EventRounds "9"]
[EventCountry "BRA"]
[SourceTitle "CBM 164 Extra"]
[Source "ChessBase"]
[SourceDate "2015.03.02"]
[SourceVersion "1"]
[SourceVersionDate "2015.03.02"]
[SourceQuality "1"]

1. d4 Nf6 2. c4 g6 3. Nc3 Bg7 4. e4 d6 5. Bd3 Nc6 6. Nge2 Nb4 7. Bb1 c6 8. a3 Na6 9. 0-0 0-0 10. h3 e5 11. d5 Bd7 12. Be3 c5 13. Re1 Nc7 14. Qd2 Kh8 15. Bh6 Ng8 16. Bxg7+ Kxg7 17. f4 f5 18. exf5 Bxf5 19. fxe5 dxe5 20. Ng3 Qd6 21. Nxf5+ gxf5 22. Qg5+ Qg6 23. Qxg6+ hxg6 24. Rxe5 Rae8 25. Rxe8 Nxe8 26. Bd3 Nd6 27. Re1 Re8 28. Rxe8 Nxe8 29. Kf2 Nef6 30. Kf3 Nd7 31. g4 Ne5+ 32. Ke2 fxg4 33. hxg4 Nxg4 34. b4 Ne5 35. Ke3 Kf6 36. Ne4+ Kg7 37. Nxc5 b6 38. Ne6+ Kf6 39. Be2 1/2-1/2

[Event "Belem Velha op 2nd"]
[Site "Belem"]
[Date "2015.02.14"]
[Round "3"]
[White "Alves, Sergio Carlos"]
[Black "Cavalheiro, Alvancir Elves"]
[Result "1-0"]
[WhiteElo "1897"]
[BlackElo "1911"]
[PlyCount "51"]
[EventDate "2015.02.13"]
[EventType "swiss"]
[EventRounds "9"]
[EventCountry "BRA"]
[SourceTitle "CBM 164 Extra"]
[Source "ChessBase"]
[SourceDate "2015.03.02"]
[SourceVersion "1"]
[SourceVersionDate "2015.03.02"]
[SourceQuality "1"]

1. d4 Nf6 2. Nf3 g6 3. c4 Bg7 4. Nc3 0-0 5. e4 d6 6. Be2 Nc6 7. 0-0 e5 8. d5 Ne7 9. Ne1 Nd7 10. Be3 a6 11. b4 f5 12. f3 fxe4 13. fxe4 Rxf1+ 14. Bxf1 a5 15. a3 b6 16. Nd3 Ba6 17. Nf2 Nf6 18. Ng4 Nxg4 19. Qxg4 Bc8 20. Qd1 axb4 21. axb4 Bd7 22. c5 bxc5 23. bxc5 h6 24. c6 Be8 25. Bb5 Rc8 26. Ra7 1-0